Разработка и исследование системы организации функционирования комплексов прикладных программ на ЕС ЭВМ: диссертация на соискание ученой степени кандидата технических наук; спец. 05.13.01.

গ্রন্থ-পঞ্জীর বিবরন
প্রধান লেখক: Ким В. А. Владимр Александрович
সংস্থা লেখক: Томский государственный университет систем управления и радиоэлектроники
অন্যান্য লেখক: Ефимов Ю. Н. (научный руководитель)
সংক্ষিপ্ত:Защита сост. 7.05.1980 г.
ভাষা:রুশ
প্রকাশিত: Томск, [Б. и.], 1980
বিষয়গুলি:
বিন্যাস: গ্রন্থ
KOHA link:https://koha.lib.tpu.ru/cgi-bin/koha/opac-detail.pl?biblionumber=78450

MARC

LEADER 00000nbm0a2200000 4500
001 78450
005 20231031093839.0
035 |a (RuTPU)RU\TPU\book\84073 
090 |a 78450 
100 |a 20050622j19800507k y0rusy50 ca 
101 0 |a rus 
102 |a RU 
105 |a a m 001zy 
200 1 |a Разработка и исследование системы организации функционирования комплексов прикладных программ на ЕС ЭВМ  |e диссертация на соискание ученой степени кандидата технических наук  |e спец. 05.13.01.  |f В. А. Ким  |g Томский государственный университет систем управления и радиоэлектроники; науч. рук. Ю. Н. Ефимов 
210 |a Томск  |c [Б. и.]  |d 1980 
215 |a 184 л.  |c ил. 
300 |a Защита сост. 7.05.1980 г. 
320 |a Библиогр.: с. 154-165 (120 назв.) 
610 1 |a диссертации 
610 1 |a разработка 
610 1 |a исследование 
610 1 |a организация 
610 1 |a функционирование 
610 1 |a прикладные программы 
610 1 |a ЕС ЭВМ 
610 1 |a программное обеспечение 
610 1 |a вычислительные эксперименты 
610 1 |a пакеты прикладных программ 
610 1 |a программные комплексы 
675 |a 681.51(04)  |v 3 
686 |a 05.13.01  |2 oksvnk 
700 1 |a Ким  |b В. А.  |g Владимр Александрович 
702 1 |a Ефимов  |b Ю. Н.  |4 727 
712 0 2 |a Томский государственный университет систем управления и радиоэлектроники  |2 stltpush  |3 (RuTPU)RU\TPU\col\422 
801 1 |a RU  |b 63413507  |c 20050622  |g PSBO 
801 2 |a RU  |b 63413507  |c 20220415  |g RCR 
942 |c BK